000 00662nam a22002291a 4500
001 2164
003 OSt
005 20260204211802.0
008 040124s1995||||ag ||||||b||||||||||spa||
020 _a9505501641
050 _a370 U3p
082 _a370 U3p
100 _aSánchez Iniesta, Tomás
245 _a21 Puntos para una nueva estrategia de la educación / Bajo la direción de Ezequiel Ander-Egg, Tomás Sánchez Iniesta
264 _aArgentina : Magisterio del rio de la Plata
300 _a47 p
490 _aColección magisterio 1
500 _aIncluye indice
650 _a1.Educación
700 _aAnder-egg, EzequielÌ
942 _2ddc
_cBK
999 _c2164
_d2164